000 00766nam a22002297a 4500
005 20240530110440.0
008 150416s2011 xxu g 000 0 eng d
017 _a2011/20839
_bمصر . دار الكتب المصرية
020 _a9789774277236
040 _aEG-CaGPL
082 0 4 _221
_a813.03\
_bى ف
100 0 _aيوسف معاطى
245 1 0 _aفرقة ناجى عطا الله :
_bرواية /
_cيوسف معاطى
250 _aط1
260 _aالقاهرة :
_b الدار المصرية اللبنانية ،
_c2011.
300 _a487 ص ؛
_c19 سم.
650 0 4 _aالقصص العربية
650 0 4 _aالادب الساخر
650 0 4 _aالادب العربى
942 _2ddc
_cBK
999 _c61029
_d61029